| 000 | 00539nam a2200193Ia 4500 | ||
|---|---|---|---|
| 005 | 20250923150003.0 | ||
| 008 | 008 250917s9999 xx 000 0 eng d | ||
| 037 | _aTextual | ||
| 040 |
_aDSWL _beng _cDSWL |
||
| 041 |
_aeng _2eng |
||
| 084 |
_aY15pl,N95, N95 _qDSWL |
||
| 245 | 0 |
_aPlatform for action and the Beijing declaration _c by United Nation |
|
| 260 |
_aNew York _b D.P.I.U.N _c1995 |
||
| 300 | _a178 p. | ||
| 365 | _bGift | ||
| 925 | _gGift | ||
| 942 |
_cTEXL _hY15pl,N95, N95 |
||
| 999 |
_c1458177 _d1458177 |
||